Statistics for Tribes of the Northeastern US & Canada

Click here to take the quiz!

General Stats

  • This quiz has been taken 3 times
  • The average score is 25 of 126

Answer Stats

Answer% Correct
Cayuga
100%
Massachusett
100%
Mohawk
100%
Narragansett
100%
Ojibwe
100%
Oneida
100%
Pequot
100%
Seneca
100%
Shawnee
100%
Abenaki
67%
Chesapeake
67%
Erie
67%
Kickapoo
67%
Lenape
67%
Miami
67%
Onondaga
67%
Ottawa
67%
Peoria
67%
Potawatomi
67%
Powhatan
67%
Rappahannock
67%
Roanoke
67%
Sauk
67%
Susquehannock
67%
Tuscarora
67%
Wampanoag
67%
Algonquin
33%
Anishinaabe
33%
Chickahominy
33%
Croatan
33%
Haudenosaunee
33%
Hochunk
33%
Illiniwek
33%
Menominee
33%
Mi'kmaq
33%
Mingo
33%
Pamunkey
33%
Penobscot
33%
Piscataway
33%
St. Lawrence Iroquois
33%
Wea
33%
Accomac
0%
Acquackanonk
0%
Appomattoc
0%
Arrohattoc
0%
Assateague
0%
Attawandaron
0%
Beothuk
0%
Cahokia
0%
Canarsee
0%
Choptank
0%
Chowanoke
0%
Conoy
0%
Dasamongueponke
0%
Doeg
0%
Eansketambawg
0%
Esopus
0%
Hackensack
0%
Honniasont
0%
Housatonic
0%
Kaskaskia
0%
Kiskiack
0%
Kitchawank
0%
Mahock
0%
Maliseet
0%
Mascouten
0%
Mattaponi
0%
Meherrin
0%
Meskwaki
0%
Michigamea
0%
Minisink
0%
Mississauga
0%
Mohegan
0%
Mohican
0%
Moingona
0%
Monacan
0%
Moneton
0%
Montauk
0%
Nansemond
0%
Nanticoke
0%
Naumkeag
0%
Nauset
0%
Navasink
0%
Niantic
0%
Nipissing
0%
Nipmuc
0%
Norridgewock
0%
Nottoway
0%
Occaneechi
0%
Okehocking
0%
Pamlico
0%
Paspahegh
0%
Passamaquoddy
0%
Patuxent
0%
Patuxet
0%
Paugussett
0%
Pawtucket
0%
Pennacook
0%
Petun
0%
Pocumtuc
0%
Podunk
0%
Pokanoket
0%
Potatuck
0%
Raritan
0%
Rumanchenank
0%
Saulteaux
0%
Schaghticoke
0%
Secotan
0%
Shinnecock
0%
Sinsink
0%
Siwanoy
0%
Stegarake
0%
Tamaroa
0%
Tappan
0%
Tunxis
0%
Tutelo
0%
Unalachtigo
0%
Unkechaugi
0%
Wabanaki
0%
Wappinger
0%
Wawyachtonok
0%
Wecquaesgeek
0%
Wenrohronon
0%
Wicocomico
0%
Wongunk
0%
Wyandot
0%

Score Distribution

Percentile by Number Answered

Percent of People with Each Score

Your Score History

You have not taken this quiz